000 00973naa a22002777a 4500
001 BR2300040
003 BR-BrBNA
005 20240918172733.0
007 ta
008 230509b bl.||||| |||| 00| 0 por d
040 _aBR-BrBNA
_bpor
_cBiblioteca Nacional de Agricultura
041 _a(Pt)
072 _aE15
090 _aE15 BR2300040
100 1 _aPeres, G.
111 1 _a1. Congresso de Agricultura do Nordeste Brasileiro
_cRecife, PE (Brazil)
_d8 Jan 1923
245 1 _aParceria [Propriedade rural; Brasil]
260 3 _aRecife, PE (Brasil):
_c1923.
500 _aAnnaes do 1. Congresso de Agricultura do Nordeste Brasileiro Recife, PE (Brasil): 1923. p. 200-202 (BR2300040-AM)E15
650 _aMicroeconomia
650 _aParceria
650 _aLegislacao
773 0 _tAnnaes do 1. Congresso de Agricultura do Nordeste Brasileiro
_wE15 BR2300040
_gRecife, PE (Brasil), 1923. p. 200-202
909 _a202404
_bLucia
_c55
_dLucia Elande
942 _cAM
_2AGRIS
999 _c301299
_d301299